Les saveurs de sirop les plus consommées en France - Statistiques

Statistiques générales
  • Ce quiz a été pris 314 fois
  • Le résultat moyen est 7 sur 10
Statistiques - réponses
Pourcentage de sirop vendu Saveur % Correct
9 Fraise
98%
29 Grenadine
97%
15 Menthe
97%
13 Citron
88%
6 Pêche
84%
2 Orange
62%
3 Cassis
57%
2 Orgeat Anis
50%
2 Pamplemousse
24%
4 Sucre de canne
7%
Aucun quiz correspondant
Distribution des résultats
% des personnes avec chaque résultat
Percentile par nombre de réponses
Votre historique - résultats
Vous n’avez pas pris ce quiz